Psicología experimental

Na minha lista:
Detalhes bibliográficos
Autor principal: Mira y López, Emilio (autor)
Formato: Livro
Idioma:espanhol
Publicado em: Buenos Aires Kapelusz 1958
Edição:2a. ed
Assuntos:
Tags: Adicionar Tag
Sem tags, seja o primeiro a adicionar uma tag!

MARC

LEADER 00000nam a2200000 a 4500
001 UCY6154
003 CL-VaPUC
008 950521e19580100AG |||||||||||||||||spa|d
082 0 4 |a 152  |b MIR  |2 21 
100 |a Mira y López, Emilio  |e autor  |9 570732 
245 1 0 |a Psicología experimental 
250 |a 2a. ed 
300 |a 320 p 
942 |c BK 
945 |d 19950521 00:00:00  |a cmena 
260 |a Buenos Aires  |b Kapelusz  |c 1958 
650 0 |a Psicología   |9 257863 
650 7 |a PSICOLOGIA EXPERIMENTAL  |2 CL-VaPUC  |9 309015 
650 0 |a Historia  |9 255047 
650 0 |a Métodos de investigación   |9 262618 
650 7 |a PSICOFISIOLOGIA  |2 CL-VaPUC  |9 307700 
650 0 |a Aparatos y sistemas anatómicos   |9 335904 
650 7 |a SISTEMAS NERVIOSOS  |2 CL-VaPUC  |9 335907 
650 0 |a Motivación   |9 315362 
650 0 |a Percepción   |9 266750 
650 0 |a Actividades sensoriomotrices   |9 335908 
650 7 |a PSICOLOGIA DE LOS PROCESOS SENSORIALES  |2 CL-VaPUC  |9 335909 
650 0 |a Ego  |9 310449 
650 0 |a Emociones   |9 265224 
650 7 |a COMPORTAMIENTO AFECTIVO  |2 CL-VaPUC  |9 335910 
650 0 |a Conciencia  |9 309452 
650 0 |a Personalidad   |9 307255 
583 |a last modification  |c 19950521 00:00:00  |k Rodrigo Vera 
999 |c 233734  |d 233732 
952 |0 0  |1 0  |4 0  |6 152_000000000000000_MIR_1958  |7 0  |8 P  |9 239445  |a BIBEDU  |b BIBEDU  |c BIBEDU_PB  |d 2019-11-18  |i 1504738  |o 152 MIR 1958  |p 1504738  |r 2024-01-25  |w 2019-11-18  |y BK  |k EDU